Trofej neznámeho strelca

Bibliographic Details
Main Author: Teren, Štefan, 1912-2003 (Author)
Format: Book
Language:Slovak
PhysicalDescription:116 strán ilustrácie 21 cm
Published: Bratislava PaRPRESS 1998
ISBN:8088789354
Series:Poľovníctvo
Subjects:

MARC

LEADER 00000cam a2200000 a 4500
001 vtls001329063
003 SK-MaSNL
005 20260301160151.0
008 240709s1998 xo a gr 000 j slo
015 |a SNBA1998/09-03084 
020 |a 8088789354 
035 |a SNK000281900 
035 |a urn:nbn:sk:snk-amkhmx 
035 |a urn:nbn:sk:snk-am008go0 
035 |a 7D2BCED2-472D-4475-95E7-E47C66DA4C94 
040 |a SNK  |b slo  |c SNK  |e AACR2 
041 0 |a slo 
044 |a xo  |c SK 
072 7 |a 821.162.4-3  |x Slovenská próza  |2 konspekt 
080 |a 885.4-3  |2 1981 
080 |a 639.1  |2 1981 
080 |a 821.162.4-32  |2 2011 
080 |a 398.21/639.1  |2 2011 
100 1 |a Teren, Štefan,  |d 1912-2003  |4 aut  |9 192795 
245 1 0 |a Trofej neznámeho strelca  |c Štefan Teren 
260 |a Bratislava  |b PaRPRESS  |c 1998 
300 |a 116 strán  |b ilustrácie  |c 21 cm 
490 1 |a Poľovníctvo 
500 |a Ilustrácia na frontispice 
655 7 |a slovenské príbehy  |2 SNKPH  |9 70494 
655 7 |a poľovnícke príbehy  |2 SNKPH  |9 70542 
830 0 |a Poľovníctvo  |9 265415 
852 |a Slovenská národná knižnica 
919 |a 80-88789-35-4 
954 |a beletria pôvodná (slovenská)  |2 lita 
958 |a LX 
999 |c 804328  |d 806258 
952 |t P60, <03>, [BOOK], {603}  |a SNK  |b SNK  |y PREZ  |7 0  |p 17A0134077  |o snkSC 95622  |i snkKSP 4698/98  |0 0  |1 0  |4 0  |d 1998-04-29  |f 1  |l 0  |r 2025-09-12 00:00:00  |w 2026-02-24